The art of medicine in relation to the progress of thought. A lecture in the history of science course in the university of cambridge February 10, 1945

Guardat en:
Dades bibliogràfiques
Autor principal: Clarc, Kennedy A.E
Format: Llibre
Idioma:anglès
Publicat: Cambridge university press. 2014.
Etiquetes: Afegir etiqueta
Sense etiquetes, Sigues el primer a etiquetar aquest registre!

MARC

LEADER 00000nam a22000007a 4500
008 210917b ||||| |||| 00| 0 eng d
020 |a 9781107690295 
100 |a Clarc, Kennedy A.E. 
245 |a The art of medicine in relation to the progress of thought.  |b A lecture in the history of science course in the university of cambridge February 10, 1945   |c A.E Clarc - Kennedy  |g 47p:ill. 
260 |b Cambridge university press.  |c 2014.  |d Book.  |h New York  |i 697124  |i 697125  |l R 708.C52  |m Medicine.  |m Medicine- History. 
942 |a lcc  |c BK  |e Olagoke,M.A  |f 17/09/2021 
952 |0 0  |1 0  |2 lcc  |4 0  |7 0  |9 3587  |a HOL  |b HE  |c QZ  |d 2021-09-17  |o R708.C52  |r 2021-09-17 00:00:00  |t 697125  |w 2021-09-17  |y BK 
952 |0 0  |1 0  |2 lcc  |4 0  |7 0  |9 3588  |a HOL  |b HOL  |c QZ  |d 2021-09-17  |o R708.C52  |r 2021-09-17 00:00:00  |t 697124  |w 2021-09-17  |y BK 
999 |c 1777  |d 1777